000 00507nam a2200181Ia 4500
005 20250326125224.0
008 250326s9999 xx 000 0 und d
037 _aTextbook
040 _aFMSL
_beng
_cFMSL
041 _aeng
_2eng
084 _aX5:51 L1
_qFMSL
100 _aRodger L W
245 0 _aMarketing in a competitive economy
_cRodger L W
260 _aLondon
_bLondon, Cassell / Associated Business
_c1971
300 _a253p
942 _cTB
_hX5:51 L1
999 _c1277072
_d1277072